[Event "Bundesliga 1516"]
[Site "Germany"]
[Date "2016.02.06"]
[Round "5.1"]
[White "Izsak, Gyula"]
[Black "Swiercz, Dariusz"]
[Result "1/2-1/2"]
[WhiteElo "2443"]
[BlackElo "2613"]
[PlyCount "70"]
[EventDate "2015.09.18"]
[EventType "team-tourn"]
[EventRounds "15"]
[EventCountry "GER"]
[SourceTitle "CBM 171"]
[Source "ChessBase"]
[SourceDate "2016.03.14"]
[SourceVersion "2"]
[SourceVersionDate "2016.03.14"]
[SourceQuality "1"]
[WhiteTeam "Griesheim"]
[BlackTeam "Emsdetten Turm"]
[WhiteTeamCountry "GER"]
[BlackTeamCountry "GER"]

1. d4 Nf6 2. c4 e6 3. Nf3 d5 4. Nc3 Nbd7 5. Bg5 h6 6. Bh4 Bb4 7. cxd5 exd5 8. Nd2 g5 9. Bg3 c5 10. a3 Bxc3 11. bxc3 Qa5 12. Qb3 b6 13. Bd6 Ba6 14. f3 Rc8 15. h4 g4 16. dxc5 bxc5 17. e4 gxf3 18. gxf3 Bxf1 19. Rxf1 Qb6 20. e5 Qxb3 21. Nxb3 Nh5 22. 0-0-0 Nf4 23. e6 Nxe6 24. Rxd5 Nb6 25. Rf5 Na4 26. Re1 Rg8 27. Nxc5 Nxc3 28. Kd2 Nb5 29. Ne4 Rg2+ 30. Kd3 Rb2 31. Rg1 Rb3+ 32. Kd2 Rb2+ 33. Kd3 Rb3+ 34. Kd2 Rb2+ 35. Kd3 Rb3+ 1/2-1/2

[Event "Bundesliga 1516"]
[Site "Germany"]
[Date "2015.09.19"]
[Round "1.5"]
[White "Izsak, Gyula"]
[Black "Belezky, Alexander"]
[Result "0-1"]
[WhiteElo "2443"]
[BlackElo "2455"]
[PlyCount "88"]
[EventDate "2015.09.18"]
[EventType "team-tourn"]
[EventRounds "15"]
[EventCountry "GER"]
[SourceTitle "EXT 2016"]
[Source "ChessBase"]
[SourceDate "2015.10.08"]
[SourceVersion "1"]
[SourceVersionDate "2015.10.08"]
[SourceQuality "1"]
[WhiteTeam "Griesheim"]
[BlackTeam "Bayern Muenchen"]
[WhiteTeamCountry "GER"]
[BlackTeamCountry "GER"]

1. d4 Nf6 2. c4 e6 3. Nf3 Bb4+ 4. Bd2 a5 5. Qc2 d6 6. Nc3 Nc6 7. a3 Bxc3 8. Bxc3 Qe7 9. e4 e5 10. d5 Nb8 11. b4 Na6 12. Rb1 0-0 13. Be2 Bd7 14. 0-0 Qe8 15. Nd2 Ba4 16. Qb2 Nd7 17. Nb3 Bxb3 18. Qxb3 axb4 19. axb4 c5 20. dxc6 bxc6 21. Ra1 c5 22. b5 Nc7 23. Rfd1 Qe7 24. Rxa8 Rxa8 25. b6 Ne6 26. b7 Rb8 27. Ra1 Ndf8 28. Ra7 Nd8 29. Qb6 Rxb7 30. Rxb7 Nxb7 31. Bg4 Qg5 32. Be2 Qc1+ 33. Bf1 Qxc3 34. Qxb7 Qd4 35. g3 g6 36. h4 h5 37. Qd5 Nh7 38. Kg2 Nf6 39. Qa8+ Kg7 40. f3 Qd2+ 41. Kh3 g5 42. hxg5 Nh7 43. f4 exf4 44. Qa1+ Kg6 0-1

[Event "Brasschaat op 15th"]
[Site "Brasschaat"]
[Date "2015.08.22"]
[Round "8"]
[White "Izsak, Gyula"]
[Black "Beukema, Stefan"]
[Result "1/2-1/2"]
[WhiteElo "2445"]
[BlackElo "2373"]
[PlyCount "28"]
[EventDate "2015.08.15"]
[EventType "swiss"]
[EventRounds "9"]
[EventCountry "BEL"]
[SourceTitle "EXT 2016"]
[Source "ChessBase"]
[SourceDate "2015.10.08"]
[SourceVersion "1"]
[SourceVersionDate "2015.10.08"]
[SourceQuality "1"]

1. d4 f5 2. c4 Nf6 3. g3 g6 4. Bg2 Bg7 5. Nc3 d6 6. Nf3 0-0 7. 0-0 c6 8. d5 e5 9. dxe6 Bxe6 10. b3 Qe7 11. Bb2 Na6 12. Qd2 Rad8 13. Rad1 Nc5 14. Ng5 Bc8 1/2-1/2

[Event "Brasschaat op 15th"]
[Site "Brasschaat"]
[Date "2015.08.16"]
[Round "2"]
[White "Izsak, Gyula"]
[Black "Goes, Dirk"]
[Result "1-0"]
[WhiteElo "2445"]
[BlackElo "1919"]
[PlyCount "21"]
[EventDate "2015.08.15"]
[EventType "swiss"]
[EventRounds "9"]
[EventCountry "BEL"]
[SourceTitle "EXT 2016"]
[Source "ChessBase"]
[SourceDate "2015.10.08"]
[SourceVersion "1"]
[SourceVersionDate "2015.10.08"]
[SourceQuality "1"]

1. d4 e6 2. c4 b6 3. a3 Bb7 4. d5 f5 5. Nf3 Nf6 6. Nc3 Bd6 7. g3 c6 8. Bg5 e5 9. e4 fxe4 10. Nxe4 Qe7 11. dxc6 1-0

[Event "BL2-Sued 1415"]
[Site "Germany"]
[Date "2015.04.12"]
[Round "9.7"]
[White "Loehr, Markus"]
[Black "Izsak, Gyula"]
[Result "0-1"]
[WhiteElo "2243"]
[BlackElo "2444"]
[PlyCount "78"]
[EventDate "2014.09.21"]
[EventType "team-tourn"]
[EventRounds "9"]
[EventCountry "GER"]
[SourceTitle "CBM 166 Extra"]
[Source "ChessBase"]
[SourceDate "2015.06.18"]
[SourceVersion "1"]
[SourceVersionDate "2015.06.18"]
[SourceQuality "1"]
[WhiteTeam "Schmiden Cannstatt"]
[BlackTeam "Griesheim"]
[WhiteTeamCountry "GER"]
[BlackTeamCountry "GER"]

1. d4 Nf6 2. c4 e6 3. g3 d5 4. Bg2 Bb4+ 5. Bd2 Be7 6. Nf3 0-0 7. 0-0 Nbd7 8. Qc2 c6 9. Rd1 b6 10. b3 Ne4 11. Nc3 Nxd2 12. Rxd2 Nf6 13. Ne5 Bb7 14. e4 Rc8 15. Rad1 Qc7 16. Re2 Bb4 17. exd5 cxd5 18. Qb2 a6 19. a3 Bd6 20. f4 Rfd8 21. Red2 h6 22. Rd3 Qe7 23. a4 Bb4 24. Na2 Ne4 25. Nxb4 Qxb4 26. Bxe4 dxe4 27. Qd2 Qxd2 28. R3xd2 b5 29. d5 exd5 30. cxd5 e3 31. Re2 Rxd5 32. Rxd5 Bxd5 33. Rxe3 Rc1+ 34. Kf2 Rc2+ 35. Ke1 Rxh2 36. Nd7 Be6 37. Nc5 bxa4 38. Nxe6 a3 39. Nc5 a2 0-1

[Event "HUN-chT 1415"]
[Site "Hungary"]
[Date "2015.03.22"]
[Round "8.5"]
[White "Izsak, Gyula"]
[Black "Farago, Ivan"]
[Result "1/2-1/2"]
[WhiteElo "2444"]
[BlackElo "2430"]
[PlyCount "20"]
[EventDate "2014.10.12"]
[EventType "team-tourn"]
[EventRounds "9"]
[EventCountry "HUN"]
[SourceTitle "EXT 2016"]
[Source "ChessBase"]
[SourceDate "2015.10.08"]
[SourceVersion "1"]
[SourceVersionDate "2015.10.08"]
[SourceQuality "1"]
[WhiteTeam "MLTC"]
[BlackTeam "Dunaharaszti"]
[WhiteTeamCountry "HUN"]
[BlackTeamCountry "HUN"]

1. d4 Nf6 2. c4 g6 3. Nf3 Bg7 4. Bf4 0-0 5. Nc3 d5 6. e3 c5 7. dxc5 Qa5 8. Qb3 Nc6 9. Qb5 dxc4 10. Qxa5 Nxa5 1/2-1/2